| 000 | 00612nam a2200181Ia 4500 | ||
|---|---|---|---|
| 008 | 090124s9999 xx 000 0 und d | ||
| 082 |
_b6257 _a367 |
||
| 100 | _aदाते यशवंत रामकृष्ण | ||
| 245 | _a पिता-पुत्र-संबंध | ||
| 250 | _a1 | ||
| 260 | _c1942 | ||
| 300 | _a440 | ||
| 600 | _aदाते यशवंत रामकृष्ण | ||
| 630 | _a पिता-पुत्र-संबंध | ||
| 700 | _aदाते यशवंत रामकृष्ण | ||
| 730 | _a पिता-पुत्र-संबंध | ||
| 942 | _cBOOK | ||
| 999 |
_c120198 _d120198 |
||